000 00999cpcaa2200277 4500
001 mm 79001415
003 DLC
005 20260227111636.0
008 790521|||||||||||| eng
010 _amm 79001415
040 _aDLC
_cDLC
_edacs
_dDLC
072 7 _aN
_2lcmd
100 1 _aFloyd, John B.
_q(John Buchanan),
_d1806-1863.
245 0 0 _aJohn B. Floyd papers,
_f1832-1861.
300 _a4
_fitems.
506 0 _aOpen to research.
545 0 _aGovernor of Virginia, U.S. secretary of war, and Confederate army officer.
546 _aCollection material in English.
580 _aForms part of: Miscellaneous Manuscripts collection.
656 7 _aArmy officers, Confederate.
_2itoamc
656 7 _aCabinet officers.
_2itoamc
656 7 _aGovernors
_zVirginia.
_2itoamc
999 _c40775
_d40775